000 00939cam a2200313 a 4500
001 58506
003 CO-BoRNBP
005 20250825163901.0
007 ta
008 931111s1981 sp jr 00011 spa d
020 _a8426430198
040 _ala
_cla
041 0 _aspa
_aeng
082 0 4 _aI808.831
_bM35a2
_219 ed.
084 _aN MEN
100 1 _aMenotti, Gian-Carlo,
_d1911-2007
_963386
245 1 0 _aAmahl y los reyes magos /
_cG. C. Menotti ; versión de Aurora Díaz-Plaja ; dibujos de Jesús M. Cuixart.
250 _a3a. ed.
300 _a93 p. ;
_c18 cm.
336 _2rdacontent
_atexto
_btxt
337 _2rdamedia
_asin mediación
_bn
338 _2rdacarrier
_avolumen
_bnc
534 _tAmahl and the Nigh Visitors.
650 7 _aCuentos infantiles.
_2BLAAUTO
700 1 _aDíaz Plaja, Aurora,
_d1913-2003,
_etr.
_963387
700 1 _aCuixart, Jesús M.,
_eil.
_963388
942 _2ddc
_cBK
949 _an
_bn
999 _c58506
_d58506